| 000 | 00356nam a2200133Ia 4500 | ||
|---|---|---|---|
| 008 | 240624s9999 xx 000 0 und d | ||
| 041 | _aeng | ||
| 082 | _a828 BDF | ||
| 100 | _aBLUEKRAFT DIGITAL FOUNDATION | ||
| 245 | _aMANN KI BAAT A SOCIAL REVOLUTION ON RADI | ||
| 260 |
_c2017 _aHaryana _bLexisNexis |
||
| 300 | _axix, 424 p.; 21 cm. | ||
| 365 |
_cRS _b30 |
||
| 999 |
_c29185 _d29185 |
||